000 00318nam a22001457a 4500
008 221012b ||||| |||| 00| 0 eng d
020 _a978053800082
041 _aeng
080 _22D EDITION
_a330
082 _a330.BOY
100 _a23.1
101 _aECO
245 _aACROECONOMICS
_cBOYES W
942 _2udc
_cBK
999 _c58517
_d58517